Entry Nombre personal
001 - NÚMERO DE CONTROL
- campo de control: 75879
003 - IDENTIFICADOR DE NÚMERO DE CONTROL
- campo de control: SpMaBN
005 - FECHA Y HORA DE LA ÚLTIMA TRANSACCIÓN
- campo de control: 20250829080705.0
008 - ELEMENTOS DE DATO DE LONGITUD-FIJA
- campo de control de longitud fija: 090909n #azznnaabn a aaa ||
024 7# - IDENTIFICADOR DE OTROS ESTÁNDARES
- Número estándar o código: http://www.wikidata.org/entity/Q588690
- Fuente: wikidata
024 7# - IDENTIFICADOR DE OTROS ESTÁNDARES
- Número estándar o código: http://viaf.org/viaf/49245539/
- Fuente: viaf
024 7# - IDENTIFICADOR DE OTROS ESTÁNDARES
- Número estándar o código: https://isni.org/isni/000000011637876X
- Fuente: isni
040 ## - FUENTE DE CATALOGACIÓN
- Centro catalogador/agencia de origen: SpMaBN
- Lengua de catalogación: spa
- Centro/agencia transcriptor: SpMaBN
- Normas de descripción: rdc
- Convención/Normas de encabezamiento de materia/tesauro: embne
046 ## - FECHAS CON CODIFICACIÓN ESPECIAL
- Fecha de nacimiento: 1946
100 1# - ENCABEZAMIENTO-NOMBRE DE PERSONA
- Nombre de persona: Maluquer de Motes, Jordi,
- Fechas asociadas al nombre: 1946-
370 ## - LUGAR ASOCIADO
- Lugar de nacimiento: Barcelona
- Número de control del registro de autoridad o número normalizado: XX450579
- Fuente de información: Wikidata
372 ## - CAMPO DE ACTIVIDAD
- Campo de actividad: Historia e Instituciones Económicas
- Fuente de información: (Dialnet)
374 ## - OCUPACIÓN
- Ocupación: Profesores
- Ocupación: Historiadores
- Fuente de información: Wikidata
375 ## - GÉNERO/SEXO
- Género: Masculino
- Fuente de información: Wikidata
377 ## - IDIOMA ASOCIADO
- Término de lengua/lenguaje: Catalán
- Término de lengua/lenguaje: Español
400 1# - TRAZADO DE VÉASE--NOMBRE DE PERSONA
- Nombre de persona: Maluquer de Motes Bernet, Jordi,
- Fechas asociadas al nombre: 1946-
400 1# - TRAZADO DE VÉASE--NOMBRE DE PERSONA
- Nombre de persona: Maluquer de Motes i Bernet, Jordi,
- Fechas asociadas al nombre: 1946-
670 ## - FUENTE DE DATOS ENCONTRADOS
- Cita de la fuente: El largo camino a Europa, 2008
- Información encontrada: port. (Jordi Maluquer de Motes)
670 ## - FUENTE DE DATOS ENCONTRADOS
- Cita de la fuente: El socialismo en España, 1977
- Información encontrada: port. (Jordi Maluquer de Motes Bernet)
670 ## - FUENTE DE DATOS ENCONTRADOS
- Cita de la fuente: Història econòmica de Catalunya, 1997
- Información encontrada: port. (Jordi Maluquer de Motes i Bernet)
670 ## - FUENTE DE DATOS ENCONTRADOS
- Cita de la fuente: España en crisis, 2013
- Información encontrada: port. (Jordi Maluquer de Motes) solapa (n. 1946, en Barcelona)
856 4# - LOCALIZACIÓN Y ACCESO ELECTRÓNICOS
- Identificador Uniforme de Recursos: https://dialnet.unirioja.es/servlet/autor?codigo=95285
